[Event "Staatsliga B/Mitte"]
[Site "Salzburg"]
[Date "1998.11.27"]
[Round "1.4"]
[White "Wuppinger, Manfred"]
[Black "Hinteregger, Arthur"]
[Result "1/2-1/2"]
[WhiteElo "2185"]
[BlackElo "2160"]
[PlyCount "109"]
[EventDate "1998.11.27"]

1. e4 e6 2. d4 d5 3. exd5 exd5 4. Nc3 c6 5. Bd3 Bd6 6. Nf3 Nf6 7. Qe2+ Qe7 8.
Qxe7+ Bxe7 9. Bg5 Be6 10. Ne5 Nbd7 11. f4 Nxe5 12. dxe5 Ng8 13. Bxe7 Nxe7 14.
O-O g6 15. Ne2 c5 16. Bb5+ Kf8 17. c3 Kg7 18. Bd3 h5 19. h3 h4 20. Kh2 Rad8 21.
Rad1 Bf5 22. Bxf5 Nxf5 23. Rf3 Rd7 24. g4 hxg3+ 25. Nxg3 Nxg3 26. Rxg3 Re8 27.
Rgd3 Red8 28. Kg3 Kf8 29. Kg4 Ke7 30. f5 gxf5+ 31. Kxf5 b6 32. Rg1 Rh8 33. Rg5
Rh4 34. Re3 d4 35. cxd4 Rdxd4 36. Rg4 Rhxg4 37. hxg4 Rd2 38. Ra3 Rf2+ 39. Ke4
Rxb2 40. Rxa7+ Ke6 41. Rb7 Rb4+ 42. Kf3 Rb1 43. a4 Rb4 44. g5 Rxa4 45. Rxb6+
Kxe5 46. Rf6 Ra7 47. Ke3 Rd7 48. Ra6 Rc7 49. Rf6 c4 50. Kd2 Kd4 51. Rf4+ Ke5
52. Rf6 c3+ 53. Kc2 Kd4 54. g6 fxg6 55. Rxg6 1/2-1/2

[Event "Staatsliga B/Mitte"]
[Site "Salzburg"]
[Date "1998.11.27"]
[Round "1.1"]
[White "Ager, Josef"]
[Black "Hertneck, Gerald"]
[Result "0-1"]
[WhiteElo "2330"]
[BlackElo "2555"]
[PlyCount "90"]
[EventDate "1998.11.27"]

1. d4 Nf6 2. c4 c5 3. d5 b5 4. cxb5 a6 5. bxa6 g6 6. Nc3 Bg7 7. g3 d6 8. Bg2
O-O 9. Nh3 Nxa6 10. O-O Qb6 11. Rb1 Bf5 12. e4 Bg4 13. f3 Bc8 14. Be3 Nd7 15.
f4 Nc7 16. Qd2 Nb5 17. Nxb5 Qxb5 18. a3 Nb6 19. Rfc1 Nc4 20. Qe2 Nxa3 21. Qxb5
Nxb5 22. Nf2 Nd4 23. Bf1 Nb3 24. Rd1 Ba6 25. Bxa6 Rxa6 26. Nd3 Rb8 27. Kg2 Rab6
28. Bf2 Rb5 29. Be1 c4 30. Nf2 Nc5 31. Rdc1 f5 32. Rxc4 Bxb2 33. exf5 gxf5 34.
g4 fxg4 35. Nxg4 Nd7 36. Rc7 Nf6 37. Nxf6+ Bxf6 38. Rd1 Rb2+ 39. Kh3 R8b3+ 40.
Kg4 Rxh2 41. Ba5 Kf7 42. Rcc1 Kg6 43. f5+ Kf7 44. Rh1 h5+ 45. Kf4 Ra2 0-1

[Event "Staatsliga B/Mitte"]
[Site "Salzburg"]
[Date "1998.11.27"]
[Round "1.2"]
[White "Ankerst, Michael"]
[Black "Bensch, Patrick"]
[Result "1-0"]
[WhiteElo "2330"]
[BlackElo "2255"]
[PlyCount "71"]
[EventDate "1998.11.27"]

1. e4 c5 2. Nf3 Nc6 3. d4 cxd4 4. Nxd4 Nf6 5. Nc3 e5 6. Ndb5 d6 7. Bg5 a6 8.
Na3 b5 9. Bxf6 gxf6 10. Nd5 f5 11. g3 Bg7 12. Bg2 O-O 13. O-O fxe4 14. Bxe4 f5
15. Bg2 Be6 16. c3 Rb8 17. Nc2 Qd7 18. Qd2 a5 19. a3 Kh8 20. Rfd1 Qf7 21. a4 b4
22. cxb4 Nd4 23. Nxd4 exd4 24. Nf4 Rxb4 25. Nd3 Rb3 26. Qxa5 Bc4 27. Bf1 Qb7
28. Rac1 Bxd3 29. Bxd3 Rxb2 30. Rc7 Qf3 31. Rd2 Rxd2 32. Qxd2 f4 33. a5 fxg3
34. hxg3 Rf6 35. a6 Rh6 36. Rc8+ 1-0

[Event "Staatsliga B/Mitte"]
[Site "Salzburg"]
[Date "1998.11.27"]
[Round "1.3"]
[White "Hackbarth, Wolfgang"]
[Black "Opl, Klaus"]
[Result "0-1"]
[WhiteElo "2190"]
[BlackElo "2330"]
[PlyCount "131"]
[EventDate "1998.11.27"]

1. c4 e6 2. Nf3 Nf6 3. d4 d5 4. e3 c6 5. Be2 Nbd7 6. O-O Bd6 7. Nc3 O-O 8. e4
dxe4 9. Ng5 c5 10. Ngxe4 Nxe4 11. Nxe4 Bxh2+ 12. Kxh2 Qh4+ 13. Kg1 Qxe4 14.
dxc5 Nxc5 15. Be3 Qc6 16. Qd4 Nd7 17. Rfd1 e5 18. Qh4 Re8 19. c5 Nf8 20. a4 a6
21. Rd6 Qc7 22. Qb4 Bd7 23. Bf3 Rab8 24. Qb6 Qxb6 25. Rxb6 e4 26. Be2 Bc6 27.
b4 Nd7 28. b5 axb5 29. axb5 Nxb6 30. bxc6 Nd5 31. cxb7 Nxe3 32. c6 Nd5 33. Bg4
Nc7 34. Rd1 g6 35. Bd7 Red8 36. Re1 f5 37. f3 exf3 38. Re7 Kf8 39. Rxh7 Na6 40.
gxf3 Kg8 41. Re7 Kh8 42. Kg2 Rg8 43. Kg3 Rg7 44. Re1 Kg8 45. Ra1 Nc7 46. Rd1
Re7 47. Bc8 Kf7 48. Rd8 Na6 49. Rd5 Rc7 50. Bd7 Nb4 51. Rd6 Na6 52. Rd5 Rd8 53.
Ra5 Nb8 54. Ra8 Ke7 55. Ra7 Rdxd7 56. cxd7 Kxd7 57. Kf4 Rc6 58. Ra1 Rb6 59. Rh1
Ke6 60. Kg5 Nd7 61. Rc1 Rxb7 62. Rc6+ Ke5 63. Rxg6 Nf8 64. f4+ Ke4 65. Ra6 Rg7+
66. Kh4 0-1

[Event "Staatsliga B/Mitte"]
[Site "Salzburg"]
[Date "1998.11.27"]
[Round "1.4"]
[White "Eichler, Christoph"]
[Black "Maierhofer, Johann"]
[Result "1-0"]
[WhiteElo "2255"]
[BlackElo "2160"]
[PlyCount "118"]
[EventDate "1998.11.27"]

1. d4 e6 2. Nf3 f5 3. g3 d5 4. Bg2 Nf6 5. Bg5 c6 6. Nbd2 Be7 7. O-O O-O 8. c3
Bd7 9. Ne5 Be8 10. f3 Nbd7 11. e4 h6 12. Bxf6 Bxf6 13. exf5 exf5 14. f4 Qb6 15.
Qb3 Qxb3 16. axb3 Be7 17. Rfe1 Bd6 18. Nxd7 Bxd7 19. b4 a6 20. Nf3 Rae8 21. Ne5
Be6 22. h4 Bxe5 23. Rxe5 Bd7 24. Rae1 Rxe5 25. dxe5 Be6 26. Kf2 Kf7 27. Ke3 Ke7
28. Bf3 Rh8 29. Rg1 h5 30. Rd1 g6 31. Be2 Rd8 32. Bf3 Rd7 33. Kd4 Kd8 34. Ra1
Kc7 35. Rd1 Rd8 36. Be2 Rd7 37. Bd3 Rd8 38. Bf1 Rd7 39. Ke3 Rd8 40. Be2 Rd7 41.
b3 Kd8 42. Rd4 Kc7 43. c4 dxc4 44. Bxc4 Bxc4 45. bxc4 b6 46. c5 bxc5 47. Rxd7+
Kxd7 48. bxc5 Ke7 49. Kd3 Kf7 50. Kc3 Ke7 51. Kb4 Ke6 52. Ka5 Kd5 53. Kxa6 Kxc5
54. Kb7 Kd5 55. Kc7 c5 56. Kd7 c4 57. e6 c3 58. e7 c2 59. e8=Q c1=Q 1-0

[Event "Staatsliga B/Mitte"]
[Site "Salzburg"]
[Date "1998.11.27"]
[Round "1.5"]
[White "Spiesberger, Gerhard"]
[Black "Hamberger, Hermann"]
[Result "0-1"]
[WhiteElo "1956"]
[BlackElo "2170"]
[PlyCount "70"]

1. e4 c5 2. d4 cxd4 3. Qxd4 Nc6 4. Qe3 Nf6 5. Nc3 d5 6. exd5 Nxd5 7. Nxd5 Qxd5
8. c3 Bf5 9. Nf3 e6 10. Be2 Be7 11. O-O O-O 12. Rd1 Qa5 13. Bd2 Rfd8 14. a4 Bc2
15. b4 Qf5 16. Rdc1 Bf6 17. Ra2 Bd3 18. c4 Bxe2 19. Qxe2 e5 20. b5 Nd4 21. Nxd4
exd4 22. c5 d3 23. Qf3 Qe6 24. Ra3 Bb2 25. Rac3 Bxc1 26. Rxc1 Rac8 27. Qxb7 Qe2
28. Ba5 d2 29. Bxd2 Qxd2 30. Rf1 Rxc5 31. Qxa7 Rc1 32. g3 Rxf1+ 33. Kxf1 Qd1+
34. Kg2 Qd5+ 35. Kg1 Qf3 0-1

[Event "Staatsliga B/Mitte"]
[Site "Salzburg"]
[Date "1998.11.27"]
[Round "1.6"]
[White "Enigl, Karl"]
[Black "Hackbarth, Christa"]
[Result "1-0"]
[WhiteElo "2205"]
[BlackElo "2005"]
[PlyCount "33"]
[EventDate "1998.11.27"]

1. c4 e6 2. Nf3 d5 3. g3 Nf6 4. Bg2 Bd6 5. O-O O-O 6. d4 dxc4 7. Nbd2 Nbd7 8.
Nxc4 Nb6 9. Nfe5 Re8 10. b3 Nxc4 11. Nxc4 e5 12. dxe5 Be7 13. exf6 Qxd1 14.
Rxd1 Bxf6 15. Bb2 Bxb2 16. Nxb2 Bg4 17. Bxb7 1-0

[Event "Staatsliga B/Mitte"]
[Site "Traun"]
[Date "1998.11.27"]
[Round "1.1"]
[White "Portisch, Ferenc"]
[Black "Weiss, Christian"]
[Result "1/2-1/2"]
[WhiteElo "2375"]
[BlackElo "2370"]
[PlyCount "84"]
[EventDate "1998.11.27"]

1. d4 g6 2. Nf3 Bg7 3. c3 Nf6 4. Bf4 d6 5. h3 Nbd7 6. Nbd2 c5 7. e3 O-O 8. Be2
b6 9. O-O Bb7 10. a4 a6 11. Bh2 Qc7 12. Rc1 Rac8 13. b4 Qb8 14. bxc5 bxc5 15.
Nc4 Qc7 16. Qb3 Rb8 17. Qa3 Ne4 18. Nfd2 Nxd2 19. Nxd2 Ba8 20. Rfe1 Qb7 21. Bf1
Qb2 22. Qxb2 Rxb2 23. Nc4 Ra2 24. Ra1 Rxa1 25. Rxa1 Rb8 26. a5 Rb3 27. Nb6 Nxb6
28. axb6 cxd4 29. Rxa6 Bb7 30. Ra7 Rxb6 31. cxd4 Rb1 32. f3 Bh6 33. Ra3 Bg5 34.
Bg3 Bc6 35. Kf2 Rb2+ 36. Kg1 h5 37. h4 Bh6 38. Rc3 Bb7 39. Bc4 Rb1+ 40. Kf2
Rb2+ 41. Kg1 Rb1+ 42. Kf2 Rb2+ 1/2-1/2

[Event "Staatsliga B/Mitte"]
[Site "Traun"]
[Date "1998.11.27"]
[Round "1.2"]
[White "Neckar, Lubomir"]
[Black "Wirius, Stefan"]
[Result "0-1"]
[WhiteElo "2345"]
[BlackElo "2285"]
[PlyCount "57"]
[EventDate "1998.11.27"]

1. Nf3 c5 2. g3 Nc6 3. Bg2 g6 4. O-O Bg7 5. c4 e6 6. Nc3 Nge7 7. e3 O-O 8. d4
cxd4 9. Nxd4 d5 10. cxd5 Nxd4 11. exd4 Nxd5 12. Qb3 Bxd4 13. Nxd5 exd5 14. Bh6
Re8 15. Rad1 Bg7 16. Bxd5 Qf6 17. Bg5 Qf5 18. Rfe1 Be6 19. Bxe6 fxe6 20. Bf4
Qf7 21. Rd6 Rac8 22. Be3 b6 23. Red1 Rc7 24. Rd8 Bf6 25. R8d6 Kg7 26. Qb5 Ree7
27. h3 e5 28. Rd8 e4 29. Bg5 {Rest durch hochgradige Zeitnot unleserlich!!!}
0-1

[Event "Staatsliga B/Mitte"]
[Site "Traun"]
[Date "1998.11.27"]
[Round "1.3"]
[White "Tkaczuk, Rainer"]
[Black "Kranzl, Peter"]
[Result "1/2-1/2"]
[WhiteElo "2260"]
[BlackElo "2280"]
[PlyCount "45"]
[EventDate "1998.11.27"]

1. g3 g6 2. Bg2 Bg7 3. f4 d6 4. Nc3 c5 5. Nf3 Nc6 6. O-O e6 7. d3 Nge7 8. Bd2
Rb8 9. Rb1 b5 10. e4 O-O 11. Kh1 f5 12. exf5 gxf5 13. Be3 b4 14. Ne2 Nd5 15.
Bd2 Bd7 16. c4 bxc3 17. bxc3 Rxb1 18. Qxb1 Qc7 19. Qc2 Rb8 20. Rb1 h6 21. Ne1
Nce7 22. Rxb8+ Qxb8 23. Qb3 1/2-1/2

[Event "Staatsliga B/Mitte"]
[Site "Traun"]
[Date "1998.11.27"]
[Round "1.5"]
[White "Kilgus, Georg"]
[Black "Hager, Herbert"]
[Result "1-0"]
[WhiteElo "2210"]
[BlackElo "2205"]
[PlyCount "82"]
[EventDate "1998.11.27"]

1. d4 Nf6 2. c4 e6 3. Nc3 Bb4 4. Qc2 O-O 5. a3 Bxc3+ 6. Qxc3 b6 7. Bg5 Bb7 8.
f3 h6 9. Bh4 d5 10. e3 Nbd7 11. cxd5 exd5 12. Bd3 Rc8 13. Ne2 Re8 14. O-O Qe7
15. Bf2 c5 16. Qd2 g6 17. g4 Kg7 18. Ng3 c4 19. Bc2 b5 20. h4 Nb6 21. h5 Rc6
22. Kg2 Bc8 23. hxg6 fxg6 24. Rh1 Bxg4 25. fxg4 Nxg4 26. e4 Rf6 27. Be3 dxe4
28. Bxe4 Nxe3+ 29. Qxe3 h5 30. Rxh5 gxh5 31. Nxh5+ Kh8 32. Rh1 Rg6+ 33. Kf2 Kg8
34. Nf4 Qxe4 35. Qxe4 Rxe4 36. Nxg6 Rxd4 37. Ke2 Na4 38. Ne7+ Kf7 39. Nc6 Rg4
40. Ne5+ Ke6 41. Nxg4 Kd7 1-0

[Event "Staatsliga B/Mitte"]
[Site "Traun"]
[Date "1998.11.27"]
[Round "1.2"]
[White "Sandor, Christian"]
[Black "Schmidt, Peter"]
[Result "1-0"]
[WhiteElo "2350"]
[BlackElo "2340"]
[PlyCount "77"]
[EventDate "1998.11.27"]

1. e4 c6 2. d4 d5 3. e5 Bf5 4. Nc3 Qb6 5. Bd3 Bxd3 6. Qxd3 e6 7. Nge2 Qa6 8.
Qh3 c5 9. Nxd5 Qa5+ 10. Qc3 Qxc3+ 11. Ndxc3 Nc6 12. Be3 O-O-O 13. O-O-O Nh6 14.
dxc5 Rxd1+ 15. Rxd1 Ng4 16. Bd4 Ngxe5 17. Ne4 Be7 18. f4 Nxd4 19. Nxd4 Ng4 20.
Nb5 Nxh2 21. Nxa7+ Kc7 22. Nb5+ Kc6 23. Nd4+ Kd5 24. Nf2 Kc4 25. Nb3 f5 26. Rd7
Bxc5 27. Rc7 b6 28. Nd3 Kd5 29. Nbxc5 bxc5 30. Rxc5+ Kd6 31. a4 Ng4 32. a5 Ne3
33. b4 Nxg2 34. a6 h5 35. Ne5 Ra8 36. Rc6+ Ke7 37. Rc7+ Kd8 38. Rd7+ Kc8 39.
Rxg7 1-0

[Event "Staatsliga B/Mitte"]
[Site "Traun"]
[Date "1998.11.27"]
[Round "1.3"]
[White "Kaiser, Wolfgang"]
[Black "Mayr, Klaus"]
[Result "1/2-1/2"]
[WhiteElo "2395"]
[BlackElo "2310"]
[PlyCount "120"]
[EventDate "1998.11.27"]

1. Nf3 c5 2. g3 Nf6 3. Bg2 Nc6 4. O-O e5 5. c4 Be7 6. Nc3 O-O 7. d3 d6 8. a3
Nd4 9. Nd2 Rb8 10. e3 Nc6 11. Nde4 a6 12. Nxf6+ Bxf6 13. Nd5 Bg5 14. b4 cxb4
15. axb4 Ne7 16. Nc3 Be6 17. Ne4 Bh6 18. c5 d5 19. Nd6 Nc8 20. b5 axb5 21. Nxb5
Qd7 22. Qa4 b6 23. c6 Qxc6 24. Ba3 Rd8 25. Qb4 Qd7 26. Rfc1 Rb7 27. Rc2 Bg5 28.
Qb2 Be7 29. Bxe7 Nxe7 30. Rac1 Rc8 31. Qb4 Rxc2 32. Rxc2 f6 33. d4 e4 34. Bf1
h6 35. Qa3 Kh7 36. Qa6 Nc6 37. Qa3 Na7 38. Nd6 Rc7 39. Rxc7 Qxc7 40. h4 Qe7 41.
Nb5 Qxa3 42. Nxa3 Kg6 43. Be2 Kf7 44. Kf1 Ke7 45. Ke1 Kd6 46. Kd2 g5 47. Kc3
Bd7 48. hxg5 fxg5 49. g4 Kc6 50. Kb4 Kc7 51. f3 exf3 52. Bxf3 Kd6 53. Kc3 b5
54. Nc2 Nc6 55. Nb4 Ne7 56. Nd3 Ng6 57. Nb4 Be6 58. Be2 Nh4 59. Kd2 Bd7 60. Kc3
Ng6 1/2-1/2

[Event "Staatsliga B/Mitte"]
[Site "Traun"]
[Date "1998.11.27"]
[Round "1.4"]
[White "Brandstaetter, Friedrich"]
[Black "Denk, Adolf"]
[Result "1/2-1/2"]
[WhiteElo "2135"]
[BlackElo "2265"]
[PlyCount "89"]
[EventDate "1998.11.27"]

1. e4 c5 2. Nf3 e6 3. d4 cxd4 4. Nxd4 a6 5. Nc3 d6 6. g3 Nf6 7. Bg2 Be7 8. O-O
O-O 9. Be3 Nbd7 10. Qe2 Qc7 11. Rad1 Re8 12. g4 g6 13. g5 Nh5 14. f4 Nb6 15.
Qf2 Nc4 16. Bc1 Bf8 17. Bf3 b5 18. Rd3 Bb7 19. a3 e5 20. Nde2 Nxf4 21. Bxf4
exf4 22. Nxf4 Re5 23. Nfd5 Rxg5+ 24. Kh1 Qd8 25. Bg2 Ne5 26. Nf6+ Kh8 27. Rh3
h5 28. Ncd5 Bxd5 29. Nxd5 Bg7 30. Rc3 Rc8 31. Rxc8 Qxc8 32. Qe3 Qg4 33. Bh3 Qh4
34. Bg2 Ng4 35. Qg3 Qxg3 36. hxg3 Be5 37. Rxf7 Bxg3 38. Rd7 h4 39. Ra7 Nf2+ 40.
Kg1 h3 41. Bh1 Bh4+ 42. Kh2 Bg3+ 43. Kg1 Bh4+ 44. Kh2 Bg3+ 45. Kg1 1/2-1/2

[Event "Staatsliga B/Mitte"]
[Site "Traun"]
[Date "1998.11.27"]
[Round "1.5"]
[White "Humer, Wolfgang"]
[Black "Hainzinger, Johann"]
[Result "1-0"]
[WhiteElo "2280"]
[BlackElo "2065"]
[PlyCount "97"]
[EventDate "1998.11.27"]

1. Nf3 g6 2. g3 Bg7 3. d4 c5 4. Bg2 cxd4 5. Nxd4 Nc6 6. Nb3 Nf6 7. c4 d6 8. O-O
Be6 9. c5 d5 10. Nc3 O-O 11. Bg5 Qc8 12. Bxf6 Bxf6 13. Bxd5 Rd8 14. Bxe6 Qxe6
15. Qc2 Nb4 16. Qe4 Qxe4 17. Nxe4 Bxb2 18. Rab1 Bg7 19. Na5 Rd4 20. f3 b6 21.
Nb3 Rd5 22. a3 Nc2 23. Rbd1 Rxd1 24. Rxd1 bxc5 25. Nexc5 Nxa3 26. Na6 Nb5 27.
Rd7 Kf8 28. Kg2 Be5 29. f4 Bd6 30. e4 f6 31. Rb7 Nc3 32. Kf3 Ke8 33. Na5 Na4
34. Nc4 Rd8 35. Rxa7 Nc3 36. e5 fxe5 37. fxe5 Bb8 38. Rb7 Rd3+ 39. Kg2 Bxe5 40.
Nxe5 Rd2+ 41. Kf3 Kf8 42. Nc5 Kg7 43. Rxe7+ Kf6 44. Re6+ Kg7 45. h4 Nd1 46. Ne4
Ra2 47. Re7+ Kh8 48. Nd7 Ra3+ 49. Ke2 1-0

[Event "Staatsliga B/Mitte"]
[Site "Traun"]
[Date "1998.11.27"]
[Round "1.1"]
[White "Beim, Valery"]
[Black "Uhlmann, Wolfgang"]
[Result "1-0"]
[WhiteElo "2565"]
[BlackElo "2460"]
[PlyCount "82"]
[EventDate "1998.11.27"]

1. c4 Nf6 2. Nc3 g6 3. d4 Bg7 4. e4 d6 5. f4 O-O 6. Nf3 c5 7. dxc5 Qa5 8. Bd3
Qxc5 9. Qe2 Nc6 10. Be3 Qa5 11. Rc1 Bg4 12. O-O Nd7 13. Qf2 Bxf3 14. gxf3 Rfc8
15. Rfd1 a6 16. a3 Qd8 17. Bf1 Na5 18. Nd5 Nb3 19. Rb1 e6 20. Nb6 Nxb6 21. Bxb6
Qe7 22. Qc2 Nc5 23. b4 Nd7 24. Be3 Nf6 25. Qd2 Rd8 26. Bb6 Rd7 27. Rb3 Bh6 28.
Rd3 Ne8 29. e5 Qh4 30. Bf2 Qh5 31. exd6 Qf5 32. Be3 Nf6 33. Ra1 Rf8 34. c5 Nd5
35. Re1 Qh5 36. b5 Qxf3 37. Bg2 Qg4 38. h3 Qg3 39. bxa6 bxa6 40. Qf2 Qxf2+ 41.
Bxf2 {Rest unleserlich!!!} 41... Nc7 1-0

[Event "Staatsliga B/Mitte"]
[Site "Traun"]
[Date "1998.11.27"]
[Round "1.2"]
[White "Wegener, Dirk"]
[Black "Hellmayr, Alois"]
[Result "0-1"]
[WhiteElo "2305"]
[BlackElo "2240"]
[PlyCount "96"]
[EventDate "1998.11.27"]

1. e4 c5 2. Nf3 e6 3. d4 cxd4 4. Nxd4 a6 5. c4 b6 6. Nc3 Qc7 7. Be2 Bb7 8. O-O
Nf6 9. f3 Be7 10. Be3 d6 11. Qe1 O-O 12. Kh1 Nbd7 13. Rc1 Rac8 14. g4 g6 15. b3
Qb8 16. Bd1 Rfe8 17. Qg3 Bf8 18. Rc2 d5 19. Qxb8 Rxb8 20. cxd5 exd5 21. Bf4
Rbc8 22. exd5 Rxc3 23. Rxc3 Nxd5 24. Bd2 Bg7 25. Rc4 b5 26. Nxb5 axb5 27. Rc2
b4 28. Re1 Rd8 29. Rc4 N7b6 30. Rce4 Nf6 31. Re7 Bc6 32. Rc7 Ba8 33. Rc2 Nxg4
34. Bxb4 Rxd1 35. Rxd1 Bxf3+ 36. Kg1 Bxd1 37. Rd2 Be5 38. Rxd1 Bxh2+ 39. Kh1
Nf2+ 40. Kxh2 Nxd1 41. a4 Nb2 42. a5 Nd3 43. Bd6 Nc8 44. a6 f5 45. b4 Na7 46.
Kg3 Kf7 47. Kf3 Ke6 48. Bf8 Ne5+ 0-1

[Event "Staatsliga B/Mitte"]
[Site "Traun"]
[Date "1998.11.27"]
[Round "1.3"]
[White "Druckenthaner, Andreas"]
[Black "Baumgartner, Heinz"]
[Result "1/2-1/2"]
[WhiteElo "2305"]
[BlackElo "2300"]
[PlyCount "67"]
[EventDate "1998.11.27"]

1. e4 d5 2. exd5 Qxd5 3. Nc3 Qa5 4. Nf3 Bf5 5. d4 c6 6. Bd3 Bxd3 7. Qxd3 Nf6 8.
O-O e6 9. Ne5 Nbd7 10. Bf4 Nh5 11. Nxd7 Nxf4 12. Qf3 Ng6 13. Nxf8 Nxf8 14. Ne4
Qc7 15. Qa3 f6 16. Nd6+ Kd7 17. Ne4 Ke8 18. c4 Kf7 19. Qb3 Rd8 20. Rad1 b6 21.
f4 h6 22. d5 c5 23. Qf3 exd5 24. cxd5 f5 25. Nd2 c4 26. Qe2 Rxd5 27. Nxc4 Rxd1
28. Ne5+ Kf6 29. Rxd1 Ne6 30. Qf2 g5 31. Nd7+ Kg6 32. Ne5+ Kf6 33. Nd7+ Kg6 34.
Ne5+ 1/2-1/2

[Event "Staatsliga B/Mitte"]
[Site "Traun"]
[Date "1998.11.27"]
[Round "1.4"]
[White "Rolletschek, Heinrich"]
[Black "Steiner, Guenther"]
[Result "0-1"]
[WhiteElo "2300"]
[BlackElo "2240"]
[PlyCount "46"]
[EventDate "1998.11.27"]

1. e4 c6 2. d4 d5 3. Nd2 dxe4 4. Nxe4 Bf5 5. Ng3 Bg6 6. h4 h6 7. Nf3 Nd7 8. h5
Bh7 9. Bd3 Bxd3 10. Qxd3 e6 11. Bd2 Ngf6 12. O-O-O Be7 13. Kb1 O-O 14. Ne4 c5
15. dxc5 Nxc5 16. Nxf6+ Bxf6 17. Qb5 Qc7 18. Be3 b6 19. Nd2 Rfd8 20. Bxc5 bxc5
21. Ne4 Bxb2 22. Nxc5 Bf6 23. Nd7 Rab8 0-1

[Event "Staatsliga B/Mitte"]
[Site "Traun"]
[Date "1998.11.27"]
[Round "1.5"]
[White "Doppelhammer, Herbert"]
[Black "Niedermayr, Horst"]
[Result "1/2-1/2"]
[WhiteElo "2130"]
[BlackElo "2225"]
[PlyCount "29"]
[EventDate "1998.11.27"]

1. d4 c5 2. e3 Nf6 3. Nf3 g6 4. c4 Bg7 5. Nc3 O-O 6. Be2 cxd4 7. Nxd4 Nc6 8.
O-O a6 9. b3 Qa5 10. Bb2 d6 11. Qd2 Bd7 12. Bf3 Rab8 13. Nxc6 Bxc6 14. Bxc6
bxc6 15. Rfd1 1/2-1/2

[Event "Staatsliga B/Mitte"]
[Site "Traun"]
[Date "1998.11.27"]
[Round "1.1"]
[White "Rotstein, Arkadij"]
[Black "Farago, Ivan"]
[Result "0-1"]
[WhiteElo "2515"]
[BlackElo "2530"]
[PlyCount "67"]
[EventDate "1998.11.27"]

1. d4 Nf6 2. c4 e6 3. Nf3 d5 4. Nc3 c5 5. cxd5 Nxd5 6. e4 Nxc3 7. bxc3 cxd4 8.
cxd4 Nc6 9. Bc4 Bb4+ 10. Bd2 Bxd2+ 11. Qxd2 O-O 12. O-O b6 13. Rad1 Bb7 14.
Rfe1 Rc8 15. Qf4 Qf6 16. Qg3 Qg6 17. Qh3 Qh6 18. Qxh6 gxh6 19. d5 Na5 20. Bf1
exd5 21. exd5 Rfd8 22. d6 Bxf3 23. gxf3 Rc6 24. d7 Rg6+ 25. Kh1 Kf8 26. Bh3 Nb7
27. Re3 Nc5 28. f4 Rf6 29. Rde1 Ne6 30. f5 Nc7 31. Rd1 Rc6 32. Bg2 Rc5 33. Bh3
33... Rc6 {Rest unleserlich!!!} 34. f4 0-1

[Event "Staatsliga B/Mitte"]
[Site "Traun"]
[Date "1998.11.27"]
[Round "1.2"]
[White "Heimberger, Reinhard"]
[Black "Weber, Gerold"]
[Result "1-0"]
[WhiteElo "2280"]
[BlackElo "2395"]
[PlyCount "95"]
[EventDate "1998.11.27"]

1. d4 b5 2. e4 a6 3. Nf3 e6 4. Bd3 c5 5. c3 Qc7 6. O-O Nc6 7. d5 Ne5 8. Nxe5
Qxe5 9. a4 b4 10. Nd2 Qb8 11. c4 g5 12. Nb3 h6 13. f4 Be7 14. e5 d6 15. Qf3 g4
16. Qxg4 dxe5 17. Qf3 e4 18. Bxe4 f5 19. dxe6 fxe4 20. Qh5+ Kd8 21. Rd1+ Kc7
22. Qe5+ Kb6 23. a5+ Kb7 24. Qxh8 Bxe6 25. Qh7 Qc7 26. Be3 Nf6 27. Qxh6 Bxc4
28. Nd2 Bd3 29. Qh3 Rd8 30. Rac1 c4 31. Kh1 Nd5 32. Nxc4 Bxc4 33. Rd4 Nc3 34.
Rxd8 Qxd8 35. bxc3 b3 36. Qh7 Bd3 37. Bc5 b2 38. Re1 e3 39. Qxe7+ Qxe7 40. Bxe7
e2 41. Kg1 Kc6 42. Kf2 Kb5 43. Bb4 Ka4 44. g4 Kb3 45. f5 Kc2 46. f6 Bc4 47. h4
Kd2 48. Ba3 1-0

[Event "Staatsliga B/Mitte"]
[Site "Traun"]
[Date "1998.11.27"]
[Round "1.3"]
[White "Wukits, Rene"]
[Black "Trauner, Rudolf"]
[Result "0-1"]
[WhiteElo "2230"]
[BlackElo "2255"]
[PlyCount "96"]
[EventDate "1998.11.27"]

1. d4 Nf6 2. c4 e6 3. Nc3 Bb4 4. e3 O-O 5. Bd3 d5 6. Nf3 b6 7. O-O Bb7 8. a3
Bd6 9. b4 dxc4 10. Bxc4 Nbd7 11. Bb2 Qe7 12. Nb5 Rfc8 13. Rc1 a6 14. Nc3 a5 15.
Ng5 axb4 16. axb4 h6 17. Nh3 Bxb4 18. f3 Ba3 19. Bxa3 Rxa3 20. e4 c6 21. Qe2 b5
22. Qb2 Nb6 23. Nb1 Nxc4 24. Rxc4 Rxf3 25. gxf3 bxc4 26. Rc1 Ba6 27. Na3 Qa7
28. Nxc4 Bxc4 29. Rxc4 e5 30. Nf2 exd4 31. Qxd4 Qa5 32. Rc5 Qb6 33. Qc3 Nd7 34.
Rc4 Qb5 35. Nd3 Qg5+ 36. Kf2 Ra8 37. Qb2 c5 38. Rc2 Ra6 39. Qb5 Rg6 40. Ke2 Qg1
41. Nf2 Rg2 42. Ke3 Qe1+ 43. Qe2 Qb4 44. Qd2 Qa4 45. h3 Ne5 46. Kf4 Nc4 47.
Qd8+ Kh7 48. Re2 Qc6 0-1

[Event "Staatsliga B/Mitte"]
[Site "Traun"]
[Date "1998.11.27"]
[Round "1.5"]
[White "Froeschl, Felix"]
[Black "Dornauer, Joachim"]
[Result "1/2-1/2"]
[WhiteElo "2240"]
[BlackElo "2160"]
[PlyCount "94"]
[EventDate "1998.11.27"]

1. d4 d5 2. Nf3 Nf6 3. c4 e6 4. Nc3 Be7 5. Bg5 O-O 6. e3 Nbd7 7. Rc1 b6 8. cxd5
exd5 9. Bd3 Bb7 10. O-O c5 11. Qe2 h6 12. Bf4 Nh5 13. Be5 Nxe5 14. Nxe5 Nf6 15.
Rfd1 a6 16. dxc5 bxc5 17. e4 d4 18. Na4 Qa5 19. b3 Rae8 20. Qc2 Qc7 21. Nf3 Qf4
22. Qd2 Qxd2 23. Nxd2 Rc8 24. Re1 Rfe8 25. g3 Bf8 26. Nb6 Rc6 27. Nbc4 Rcc8 28.
f3 Red8 29. Kf2 Rc7 30. Rc2 g6 31. Na5 Bc8 32. Rec1 Nd7 33. Nac4 Kg7 34. Re1
Re8 35. e5 Rc6 36. f4 Rce6 37. Be4 Nb6 38. Nxb6 Rxb6 39. Nc4 Rb8 40. Nb2 Be6
41. Ke2 Rec8 42. Bd3 Bg4+ 43. Kf2 Rc7 44. Rec1 Bd7 45. Bc4 a5 46. Bd5 Bb5 47.
Rd2 Rd8 1/2-1/2

[Event "Staatsliga B/Mitte"]
[Site "Salzburg"]
[Date "1998.11.28"]
[Round "2.1"]
[White "Gruenberg, Hans-Ulrich"]
[Black "Ager, Josef"]
[Result "1-0"]
[WhiteElo "2455"]
[BlackElo "2330"]
[PlyCount "87"]
[EventDate "1998.11.27"]

1. d4 Nf6 2. c4 g6 3. Nc3 Bg7 4. e4 d6 5. Be2 O-O 6. Nf3 e5 7. Be3 Na6 8. O-O
Ng4 9. Bg5 Qe8 10. dxe5 dxe5 11. h3 h6 12. Bd2 Nf6 13. Be3 Qe7 14. Nd5 Qd8 15.
Qc1 g5 16. Nc3 c6 17. h4 g4 18. Nh2 Kh7 19. g3 Be6 20. a3 Rg8 21. Qc2 Bf8 22.
Rad1 Qe8 23. b4 Nc7 24. Rb1 Kh8 25. Rfd1 a5 26. Na4 Nd7 27. Rxd7 Qxd7 28. Nb6
Qe8 29. Nxa8 Nxa8 30. bxa5 Bc8 31. a6 bxa6 32. Rb8 Nc7 33. Bxg4 Ne6 34. c5 Qd7
35. Bf5 Qc7 36. Qb2 Bg7 37. Nf3 Qd8 38. Kh2 Qf6 39. Qe2 Rd8 40. Nd2 Qe7 41. Nc4
Qc7 42. Qb2 Nd4 43. Bxd4 exd4 44. Qb6 1-0

[Event "Staatsliga B/Mitte"]
[Site "Salzburg"]
[Date "1998.11.28"]
[Round "2.2"]
[White "Riediger, Martin"]
[Black "Hanel, Reinhard"]
[Result "1/2-1/2"]
[WhiteElo "2210"]
[BlackElo "2360"]
[PlyCount "88"]
[EventDate "1998.11.27"]

1. Nf3 c5 2. c4 Nc6 3. Nc3 g6 4. e3 Bg7 5. d4 cxd4 6. exd4 d6 7. d5 Nb8 8. Be2
Nf6 9. O-O O-O 10. Re1 Nbd7 11. Bf1 Re8 12. h3 Nc5 13. Be3 a5 14. Nd4 Bd7 15.
Qc2 Rc8 16. Rad1 Qc7 17. Be2 Ra8 18. f4 Red8 19. Rf1 e6 20. dxe6 Nxe6 21. Ndb5
Bxb5 22. Nxb5 Qe7 23. Bf3 Rd7 24. Qd2 Nc5 25. Rfe1 Qf8 26. Bd4 Ne6 27. Bc3 d5
28. Bxf6 Bxf6 29. Bxd5 Kg7 30. f5 Nc7 31. Nxc7 Rxc7 32. fxg6 hxg6 33. Rf1 Qb4
34. b3 Qxd2 35. Rxd2 a4 36. Kh1 axb3 37. axb3 Ra1 38. Rdf2 Rxf1+ 39. Rxf1 Bd4
40. g3 Re7 41. Rf4 Bc5 42. Re4 Rd7 43. Kg2 b6 44. Kf3 Ra7 1/2-1/2

[Event "Staatsliga B/Mitte"]
[Site "Salzburg"]
[Date "1998.11.28"]
[Round "2.4"]
[White "Hackbarth, Wolfgang"]
[Black "Hinteregger, Arthur"]
[Result "1/2-1/2"]
[WhiteElo "2190"]
[BlackElo "2160"]
[PlyCount "84"]
[EventDate "1998.11.27"]

1. c4 Nf6 2. d4 g6 3. Nf3 Bg7 4. Nc3 O-O 5. e4 d6 6. Be2 e5 7. O-O Nc6 8. d5
Ne7 9. Ne1 Nd7 10. Be3 f5 11. f3 f4 12. Bf2 g5 13. g4 fxg3 14. hxg3 Ng6 15. Kg2
h5 16. Nd3 h4 17. g4 c5 18. dxc6 bxc6 19. Be3 Bf6 20. Qd2 Be7 21. Rad1 Bb7 22.
Nf2 Nf4+ 23. Kh2 Kg7 24. Nh3 Ne6 25. b4 a5 26. a3 axb4 27. axb4 Ra3 28. Qb2 Ra8
29. Qd2 Ra3 30. c5 d5 31. exd5 cxd5 32. Nxd5 Bxd5 33. Qxd5 Rxe3 34. Qxe6 Rxe2+
35. Kh1 Rf6 36. Qxd7 Qxd7 37. Rxd7 Rf7 38. Rb7 e4 39. f4 Rc2 40. Nxg5 Bxg5 41.
Rxf7+ Kxf7 42. fxg5+ Kg6 1/2-1/2